000
00346nam a22001457a 4500
008
221018b ||||| |||| 00| 0 eng d
020
_a
9789951001380
041
_a
eng
080
_a
781
082
_a
781 ÇIPA
100
_a
20.1
101
_a
MUZIK
245
_a
NJOHJA E TALENTIT NE PEDAGOGJIN E PIANISTIKE
_c
ÇIPA INDIRA
942
_2
udc
_c
BK
999
_c
58601
_d
58601